Statistics for Top 5 MLB Players of 2021 By Position (My Opinion)

Click here to take the quiz!

General Stats

  • This quiz has been taken 65 times
  • The average score is 19 of 55

Answer Stats

HintAnswer% Correct
1BFreddie Freeman
83%
CJT Realmuto
79%
CSalvador Perez
76%
CBuster Posey
64%
3BNolan Arenado
64%
CFMike Trout
57%
SPJacob Degrom
55%
RFMookie Betts
55%
SSTrea Turner
55%
RPAroldis Chapman
52%
SSFernando Tatis
52%
LFJuan Soto
52%
CFCody Bellinger
50%
3BManny Machado
50%
RFAaron Judge
48%
RFBryce Harper
45%
SPGerrit Cole
45%
CFRonald Acuna
45%
LFChristian Yelich
43%
2BDJ Lemahieu
43%
DHGiancarlo Stanton
43%
DHShohei Ohtani
43%
1BVladimir Guerrero
43%
CWillson Contreras
43%
1BJose Abreu
40%
1BMax Muncy
40%
SSFrancisco Lindor
38%
DHNelson Cruz
38%
SSXander Bogaerts
38%
2BMarcus Semien
36%
SSTrevor Story
36%
DHJ.D. Martinez
31%
RPJosh Hader
31%
SPShane Bieber
31%
3BRafael Devers
29%
3BJosh Donaldson
24%
RPLiam Hendricks
24%
DHYordan Alvarez
24%
SPYu Darvish
19%
2BJake Cronenworth
17%
2BAdam Frazier
14%
CFByron Buxton
14%
RPDevin WIlliams
14%
CFGeorge Springer
14%
2BWhite Merrifield
14%
SPJack Flaherty
10%
1BJared Walsh
10%
LFMicheal Brantley
10%
RFMicheal Conforto
7%
RFAdolis Garcia
5%
LFDavid Peralta
5%
LFEloy Jimenez
5%
3BJose Ramierez
0%
RPMatt Barnes
0%
CYermin Mercedes
0%

Score Distribution

Percentile by Number Answered

Percent of People with Each Score

Your Score History

You have not taken this quiz